[Event "WCO 2016"]
[Site "?"]
[Date "2016.09.09"]
[Round "7"]
[Board "18"]
[WhiteID "3804178"]
[White "Chumpitaz Ann"]
[BlackID "2902265"]
[Black "Collas Silvia"]
[Result "0-1"]
[BlackElo "2301"]
[WhiteElo "2150"]
[LiveChessVersion "1.4.8"]

1. e4 {[%clk 1:30:47]} e5 {[%clk 1:30:35]} 2. Nf3 {[%clk 1:31:08]} Nc6
{[%clk 1:30:36]} 3. Bc4 {[%clk 1:26:34]} Nf6 {[%clk 1:30:04]} 4. Ng5
{[%clk 1:26:08]} d5 {[%clk 1:30:10]} 5. exd5 {[%clk 1:26:34]} Na5
{[%clk 1:30:23]} 6. Bb5+ {[%clk 1:27:00]} c6 {[%clk 1:30:47]} 7. dxc6
{[%clk 1:27:28]} bxc6 {[%clk 1:31:10]} 8. Qf3 {[%clk 1:19:48]} Bd7
{[%clk 1:17:15]} 9. Bd3 {[%clk 1:08:14]} Bd6 {[%clk 1:07:12]} 10. Nc3
{[%clk 1:00:17]} Bg4 {[%clk 0:55:55]} 11. Qe3 {[%clk 0:58:54]} O-O
{[%clk 0:50:00]} 12. O-O {[%clk 0:49:01]} Rb8 {[%clk 0:33:51]} 13. b3
{[%clk 0:43:15]} Bc7 {[%clk 0:29:30]} 14. Ba3 {[%clk 0:41:57]} Re8
{[%clk 0:29:56]} 15. Bc5 {[%clk 0:16:23]} h6 {[%clk 0:29:23]} 16. b4
{[%clk 0:03:18]} Nb7 {[%clk 0:28:49]} 17. Bxa7 {[%clk 0:03:24]} hxg5
{[%clk 0:19:08]} 18. Bxb8 {[%clk 0:03:47]} Bxb8 {[%clk 0:19:34]} 19. Qxg5
{[%clk 0:02:35]} Qd6 {[%clk 0:15:28]} 20. Ne4 {[%clk 0:01:36]} Nxe4
{[%clk 0:15:52]} 21. Bxe4 {[%clk 0:02:03]} Bc8 {[%clk 0:14:42]} 22. c3
{[%clk 0:01:47]} Nd8 {[%clk 0:13:24]} 23. g3 {[%clk 0:02:01]} g6 {[%clk 0:12:24]}
24. a4 {[%clk 0:01:36]} f5 {[%clk 0:11:59]} 25. Bg2 {[%clk 0:01:47]} Nf7
{[%clk 0:12:02]} 26. Qe3 {[%clk 0:01:53]} Re7 {[%clk 0:11:01]} 27. Qb6
{[%clk 0:01:31]} e4 {[%clk 0:10:42]} 28. b5 {[%clk 0:00:40]} Ne5 {[%clk 0:10:09]}
29. bxc6 {[%clk 0:00:35]} Ba7 {[%clk 0:09:22]} 30. Qb4 {[%clk 0:00:39]} Bc5
{[%clk 0:09:27]} 31. Qb5 {[%clk 0:01:05]} Nd3 {[%clk 0:08:27]} 32. Rab1
{[%clk 0:00:37]} Ba7 {[%clk 0:08:50]} 33. a5 {[%clk 0:00:34]} Rc7
{[%clk 0:07:37]} 34. h4 {[%clk 0:00:32]} Qxg3 {[%clk 0:05:46]} 35. Qd5+
{[%clk 0:00:59]} Kh7 {[%clk 0:05:58]} 36. Rb6 {[%clk 0:01:24]} Qxg2+
{[%clk 0:04:33]} 37. Kxg2 Nf4+ {[%clk 0:05:02]} 38. Kg1 {[%clk 0:00:50]} Nxd5
{[%clk 0:05:27]} 39. Rb5 {[%clk 0:00:40]} Ne7 {[%clk 0:04:46]} 40. Rfb1
{[%clk 0:30:40]} Nxc6 {[%clk 0:35:05]} 41. Rd5 {[%clk 0:29:24]} Kh6
{[%clk 0:31:24]} 42. Kg2 {[%clk 0:27:08]} Ba6 {[%clk 0:30:35]} 43. Rd6
{[%clk 0:22:21]} Bd3 {[%clk 0:29:44]} 44. Ra1 {[%clk 0:21:59]} Ne5
{[%clk 0:27:54]} 45. Ra2 {[%clk 0:18:02]} Bc4 {[%clk 0:27:39]} 46. Rb2
{[%clk 0:14:23]} Nf7 {[%clk 0:27:38]} 47. Rdb6 {[%clk 0:12:43]} Bxb6
{[%clk 0:27:50]} 48. axb6 {[%clk 0:13:09]} Rb7 {[%clk 0:28:16]} 49. Rb4
{[%clk 0:13:37]} Nd6 {[%clk 0:28:09]} 50. Kg3 {[%clk 0:13:55]} Kg7
{[%clk 0:27:18]} 51. f3 {[%clk 0:08:22]} exf3 {[%clk 0:25:02]} 52. Kxf3
{[%clk 0:08:34]} Re7 {[%clk 0:24:11]} 53. Ra4 {[%clk 0:00:34]} Kf6
{[%clk 0:23:24]} 54. Kf4 {[%clk 0:00:32]} Re4+ {[%clk 0:23:20]} 55. Kg3
{[%clk 0:00:59]} Rg4+ {[%clk 0:23:07]} 56. Kf2 {[%clk 0:00:58]} Rf4+
{[%clk 0:21:45]} 57. Kg3 {[%clk 0:00:47]} Re4 {[%clk 0:21:52]} 58. Ra7
{[%clk 0:00:35]} Bd5 {[%clk 0:21:16]} 59. Ra5 {[%clk 0:00:36]} Ke6
{[%clk 0:21:09]} 60. Rc5 {[%clk 0:00:40]} Rg4+ {[%clk 0:19:55]} 61. Kh3
{[%clk 0:01:06]} Ne4 {[%clk 0:18:34]} 62. Rxd5 {[%clk 0:00:35]} Kxd5
{[%clk 0:18:56]} 63. b7 {[%clk 0:00:41]} Nf2+ {[%clk 0:19:22]} 0-1

[Event "WCO 2016"]
[Site "?"]
[Date "2016.09.09"]
[Round "7"]
[Board "19"]
[WhiteID "13601717"]
[White "Maisuradze Nino"]
[BlackID "3802191"]
[Black "Aliaga Fernandez Ingrid Y"]
[Result "0-1"]
[BlackElo "2096"]
[WhiteElo "2256"]
[LiveChessVersion "1.4.8"]

1. Nf3 {[%clk 1:30:57]} d5 {[%clk 1:30:54]} 2. c4 {[%clk 1:30:39]} d4
{[%clk 1:29:20]} 3. b4 {[%clk 1:30:40]} a5 {[%clk 1:18:39]} 4. Qa4+
{[%clk 1:30:12]} Bd7 {[%clk 1:19:02]} 5. b5 {[%clk 1:30:30]} c5 {[%clk 1:19:21]}
6. e3 {[%clk 1:26:17]} dxe3 {[%clk 1:17:39]} 7. dxe3 {[%clk 1:23:21]} Nf6
{[%clk 1:17:59]} 8. Bb2 {[%clk 1:23:04]} g6 {[%clk 1:07:54]} 9. Nc3
{[%clk 1:22:53]} Bg7 {[%clk 1:08:19]} 10. Rd1 {[%clk 1:20:17]} O-O
{[%clk 1:06:08]} 11. Bd3 {[%clk 1:04:23]} Qc7 {[%clk 1:02:34]} 12. h3
{[%clk 1:02:35]} h6 {[%clk 0:51:47]} 13. Qc2 {[%clk 1:02:17]} Be6
{[%clk 0:48:36]} 14. O-O {[%clk 1:01:16]} Nbd7 {[%clk 0:48:54]} 15. e4
{[%clk 1:01:07]} Nh5 {[%clk 0:37:51]} 16. Nd5 {[%clk 0:52:10]} Bxd5
{[%clk 0:36:36]} 17. Bxg7 {[%clk 0:50:56]} Nxg7 {[%clk 0:30:40]} 18. exd5
{[%clk 0:47:53]} Ne5 {[%clk 0:26:53]} 19. Nxe5 {[%clk 0:40:34]} Qxe5
{[%clk 0:27:17]} 20. Rfe1 {[%clk 0:41:02]} Qd6 {[%clk 0:20:07]} 21. Re3
{[%clk 0:40:35]} Rad8 {[%clk 0:18:36]} 22. Rde1 {[%clk 0:34:29]} Rfe8
{[%clk 0:18:52]} 23. Rg3 {[%clk 0:26:18]} g5 {[%clk 0:03:58]} 24. h4
{[%clk 0:19:57]} gxh4 {[%clk 0:03:31]} 25. Rf3 {[%clk 0:18:09]} e6
{[%clk 0:01:52]} 26. Bh7+ {[%clk 0:17:01]} Kh8 {[%clk 0:02:17]} 27. Rf6
{[%clk 0:14:19]} Qe7 {[%clk 0:01:15]} 28. Rxh6 {[%clk 0:10:30]} Qg5
{[%clk 0:01:44]} 29. Qc1 {[%clk 0:10:18]} Qxc1 {[%clk 0:02:09]} 30. Rxc1
{[%clk 0:10:47]} exd5 {[%clk 0:01:21]} 31. Be4+ {[%clk 0:07:34]} Kg8
{[%clk 0:01:46]} 32. Bxd5 {[%clk 0:07:59]} Nf5 {[%clk 0:01:08]} 33. Rb6
{[%clk 0:05:56]} Nd4 {[%clk 0:00:34]} 34. Kf1 {[%clk 0:06:04]} Re2
{[%clk 0:00:50]} 35. Rxb7 {[%clk 0:05:52]} Rxa2 {[%clk 0:01:19]} 36. Bxf7+
{[%clk 0:04:00]} Kh8 {[%clk 0:01:16]} 37. Ra7 {[%clk 0:01:55]} Rf8
{[%clk 0:01:32]} 38. Rb1 {[%clk 0:01:23]} Kg7 {[%clk 0:00:40]} 39. Bd5+
{[%clk 0:01:16]} Kh6 {[%clk 0:01:09]} 40. Ra6+ {[%clk 0:30:40]} Kg5
{[%clk 0:31:29]} 41. b6 {[%clk 0:13:51]} Raxf2+ {[%clk 0:29:39]} 42. Kg1
{[%clk 0:14:08]} Ne2+ {[%clk 0:25:29]} 43. Kh2 {[%clk 0:14:24]} h3
{[%clk 0:22:27]} 44. Rg1 {[%clk 0:07:16]} Rh8 {[%clk 0:21:27]} 45. Ra8
{[%clk 0:05:19]} Rxa8 {[%clk 0:19:36]} 46. Bxa8 {[%clk 0:04:24]} Nxg1
{[%clk 0:20:01]} 47. Bc6 {[%clk 0:00:39]} Ne2 {[%clk 0:15:35]} 48. b7
{[%clk 0:00:38]} hxg2 {[%clk 0:15:04]} 49. Bxg2 {[%clk 0:00:44]} Rf8
{[%clk 0:15:29]} 50. Bh3 {[%clk 0:01:01]} Rb8 {[%clk 0:15:54]} 0-1

[Event "WCO 2016"]
[Site "?"]
[Date "2016.09.09"]
[Round "7"]
[Board "20"]
[WhiteID "3804976"]
[White "Felix Vega Aurora Edith"]
[BlackID "634581"]
[Black "Congiu Mathilde"]
[Result "1-0"]
[BlackElo "2232"]
[WhiteElo "2053"]
[LiveChessVersion "1.4.8"]

1. e4 {[%clk 1:30:57]} c5 {[%clk 1:30:28]} 2. Nf3 {[%clk 1:31:22]} d6
{[%clk 1:30:41]} 3. d4 {[%clk 1:31:47]} cxd4 {[%clk 1:30:52]} 4. Nxd4
{[%clk 1:32:11]} Nf6 {[%clk 1:31:13]} 5. Nc3 {[%clk 1:32:32]} a6 {[%clk 1:31:29]}
6. Be2 {[%clk 1:32:46]} e5 {[%clk 1:31:27]} 7. Nb3 {[%clk 1:33:10]} Be7
{[%clk 1:31:08]} 8. Be3 {[%clk 1:33:21]} Be6 {[%clk 1:30:53]} 9. Nd5
{[%clk 1:33:18]} Bxd5 {[%clk 1:27:46]} 10. exd5 {[%clk 1:33:43]} Nbd7
{[%clk 1:27:15]} 11. O-O {[%clk 1:33:55]} Rc8 {[%clk 1:22:36]} 12. c4
{[%clk 1:32:43]} O-O {[%clk 1:22:17]} 13. Rc1 {[%clk 1:32:01]} Re8
{[%clk 1:08:38]} 14. Qe1 {[%clk 1:19:30]} Nf8 {[%clk 0:56:51]} 15. Qb4
{[%clk 0:55:08]} Qd7 {[%clk 0:56:34]} 16. h3 {[%clk 0:54:01]} Ng6
{[%clk 0:49:16]} 17. Rfd1 {[%clk 0:46:14]} Ne4 {[%clk 0:33:03]} 18. Na5
{[%clk 0:13:14]} Rb8 {[%clk 0:30:53]} 19. Qa3 {[%clk 0:10:31]} Bh4
{[%clk 0:26:39]} 20. b4 {[%clk 0:02:33]} Qf5 {[%clk 0:18:46]} 21. Bf3
{[%clk 0:02:14]} Nf6 {[%clk 0:18:16]} 22. c5 {[%clk 0:01:34]} e4 {[%clk 0:17:03]}
23. Be2 {[%clk 0:01:11]} Nxd5 {[%clk 0:08:05]} 24. Bg4 {[%clk 0:00:43]} Qe5
{[%clk 0:08:31]} 25. Nc4 {[%clk 0:00:46]} Qf6 {[%clk 0:06:34]} 26. Rxd5
{[%clk 0:01:07]} dxc5 {[%clk 0:06:55]} 27. bxc5 {[%clk 0:01:11]} Qc6
{[%clk 0:06:24]} 28. Rcd1 {[%clk 0:01:27]} Be7 {[%clk 0:06:33]} 29. Bd7
{[%clk 0:01:52]} 1-0

[Event "WCO 2016"]
[Site "?"]
[Date "2016.09.09"]
[Round "7"]
[Board "21"]
[WhiteID "3501418"]
[White "Arribas Robaina Maritza"]
[BlackID "3600270"]
[Black "Fierro Baquero Martha L."]
[Result "1/2-1/2"]
[BlackElo "2369"]
[WhiteElo "2315"]
[LiveChessVersion "1.4.8"]

1. e4 {[%clk 1:30:56]} c5 {[%clk 1:30:56]} 2. Nf3 {[%clk 1:31:21]} Nc6
{[%clk 1:31:23]} 3. Bb5 {[%clk 1:31:42]} g6 {[%clk 1:31:48]} 4. O-O
{[%clk 1:31:26]} Bg7 {[%clk 1:32:10]} 5. Re1 {[%clk 1:30:25]} Nf6
{[%clk 1:31:48]} 6. h3 {[%clk 1:29:40]} O-O {[%clk 1:31:50]} 7. e5
{[%clk 1:26:25]} Nd5 {[%clk 1:26:04]} 8. Nc3 {[%clk 1:26:06]} Nc7
{[%clk 1:24:10]} 9. Bxc6 {[%clk 1:23:13]} dxc6 {[%clk 1:23:54]} 10. d3
{[%clk 1:23:06]} Be6 {[%clk 1:21:54]} 11. Be3 {[%clk 1:11:22]} b6
{[%clk 1:17:06]} 12. Qd2 {[%clk 1:10:33]} Bd5 {[%clk 1:06:19]} 13. Nxd5
{[%clk 1:09:52]} cxd5 {[%clk 1:05:20]} 14. d4 {[%clk 1:04:20]} cxd4
{[%clk 1:04:16]} 15. Nxd4 {[%clk 0:58:38]} Qd7 {[%clk 0:57:58]} 16. Bh6
{[%clk 0:58:10]} Ne6 {[%clk 0:57:02]} 17. Nxe6 {[%clk 0:56:55]} Qxe6
{[%clk 0:56:16]} 18. Bxg7 {[%clk 0:56:50]} Kxg7 {[%clk 0:56:41]} 19. Rad1
{[%clk 0:56:42]} Rac8 {[%clk 0:52:01]} 20. c3 {[%clk 0:51:16]} Rfd8
{[%clk 0:43:24]} 21. Qf4 {[%clk 0:46:16]} Rc5 {[%clk 0:37:43]} 22. Rd4
{[%clk 0:42:18]} Rdc8 {[%clk 0:36:18]} 23. Red1 {[%clk 0:36:08]} Rc4
{[%clk 0:33:48]} 24. Rxc4 Rxc4 {[%clk 0:32:54]} 25. Qd2 {[%clk 0:28:24]} Qxe5
{[%clk 0:32:48]} 26. Qxd5 {[%clk 0:28:48]} Qxd5 27. Rxd5 {[%clk 0:29:12]} Rc7
{[%clk 0:33:39]} 28. Kf1 {[%clk 0:29:36]} Kf6 {[%clk 0:34:01]} 29. Ke2
{[%clk 0:29:53]} h5 {[%clk 0:34:19]} 1/2-1/2

[Event "WCO 2016"]
[Site "?"]
[Date "2016.09.09"]
[Round "7"]
[Board "22"]
[WhiteID "3603687"]
[White "Heredia Serrano Carla"]
[BlackID "3503950"]
[Black "Marrero Lopez Yaniet"]
[Result "1-0"]
[BlackElo "2281"]
[WhiteElo "2075"]
[LiveChessVersion "1.4.8"]

1. e4 {[%clk 1:30:57]} e5 {[%clk 1:30:48]} 2. Nf3 {[%clk 1:31:23]} Nc6
{[%clk 1:31:10]} 3. d4 {[%clk 1:31:50]} exd4 {[%clk 1:31:34]} 4. c3
{[%clk 1:32:17]} d3 {[%clk 1:30:52]} 5. Bxd3 {[%clk 1:32:41]} Bc5
{[%clk 1:31:09]} 6. b4 {[%clk 1:32:59]} Bb6 {[%clk 1:31:12]} 7. a4
{[%clk 1:33:26]} a6 {[%clk 1:30:54]} 8. Nbd2 {[%clk 1:28:11]} Qf6
{[%clk 1:27:57]} 9. Qc2 {[%clk 1:05:45]} d6 {[%clk 1:14:59]} 10. O-O
{[%clk 0:53:31]} Bg4 {[%clk 0:59:29]} 11. Bb2 {[%clk 0:37:06]} Bxf3
{[%clk 0:56:46]} 12. Nxf3 {[%clk 0:36:33]} Nge7 {[%clk 0:57:04]} 13. b5
{[%clk 0:21:49]} Ne5 {[%clk 0:57:04]} 14. Nxe5 {[%clk 0:16:36]} dxe5
{[%clk 0:57:22]} 15. Ba3 {[%clk 0:12:52]} O-O {[%clk 0:57:30]} 16. a5
{[%clk 0:13:13]} Ba7 {[%clk 0:57:36]} 17. bxa6 {[%clk 0:13:39]} bxa6
{[%clk 0:57:23]} 18. Bxa6 {[%clk 0:09:22]} Qxa6 {[%clk 0:46:29]} 19. Bxe7
{[%clk 0:09:50]} Rfe8 {[%clk 0:46:52]} 20. Bh4 {[%clk 0:10:14]} Re6
{[%clk 0:38:15]} 21. Rfd1 {[%clk 0:10:04]} Rd6 {[%clk 0:33:21]} 22. h3
{[%clk 0:06:23]} Qc4 {[%clk 0:32:48]} 23. Rxd6 {[%clk 0:03:38]} cxd6
{[%clk 0:33:16]} 24. Ra4 {[%clk 0:02:44]} Qc6 {[%clk 0:33:21]} 25. Bg5
{[%clk 0:01:20]} Bd4 {[%clk 0:22:22]} 26. Bd2 {[%clk 0:01:41]} Qc5
{[%clk 0:21:34]} 27. Be1 {[%clk 0:01:47]} Rc8 {[%clk 0:16:14]} 28. Qb3
{[%clk 0:00:41]} Bxc3 {[%clk 0:16:06]} 29. Bxc3 {[%clk 0:01:10]} Qxc3
{[%clk 0:16:26]} 30. Qxc3 {[%clk 0:01:38]} Rxc3 {[%clk 0:15:20]} 31. Kf1
{[%clk 0:01:57]} Kf8 {[%clk 0:15:13]} 32. Ke2 {[%clk 0:02:09]} Ke7
{[%clk 0:10:17]} 33. a6 {[%clk 0:02:29]} Rc8 {[%clk 0:10:27]} 34. Kd3
{[%clk 0:02:40]} f5 {[%clk 0:09:00]} 35. f3 {[%clk 0:00:40]} g5 {[%clk 0:05:06]}
36. a7 {[%clk 0:00:52]} Ra8 {[%clk 0:05:35]} 37. Kc4 {[%clk 0:00:51]} fxe4
{[%clk 0:04:11]} 38. fxe4 {[%clk 0:01:16]} Ke6 {[%clk 0:04:34]} 39. Kb5
{[%clk 0:01:09]} h5 {[%clk 0:04:27]} 40. Kc6 {[%clk 0:31:16]} g4 {[%clk 0:31:31]}
41. hxg4 {[%clk 0:31:04]} hxg4 {[%clk 0:31:59]} 42. Kb7 {[%clk 0:30:14]} Re8
{[%clk 0:27:13]} 43. a8=Q {[%clk 0:27:05]} Rxa8 {[%clk 0:27:40]} 44. Rxa8
{[%clk 0:27:23]} Kf6 {[%clk 0:28:09]} 45. Kc6 {[%clk 0:27:24]} Kg5
{[%clk 0:28:36]} 46. Kxd6 {[%clk 0:27:46]} Kf4 {[%clk 0:28:59]} 47. Kd5
{[%clk 0:28:11]} 1-0

[Event "WCO 2016"]
[Site "?"]
[Date "2016.09.09"]
[Round "7"]
[Board "23"]
[WhiteID "3504794"]
[White "Linares Napoles Oleiny"]
[BlackID "3603806"]
[Black "Romero Echeverria Abigail"]
[Result "1/2-1/2"]
[BlackElo "2106"]
[WhiteElo "2276"]
[LiveChessVersion "1.4.8"]

1. e4 {[%clk 1:30:56]} c5 {[%clk 1:30:32]} 2. Nf3 {[%clk 1:31:11]} e6
{[%clk 1:30:56]} 3. c3 {[%clk 1:31:21]} d5 {[%clk 1:31:04]} 4. exd5
{[%clk 1:31:17]} Qxd5 {[%clk 1:31:17]} 5. d4 {[%clk 1:31:30]} Nf6
{[%clk 1:30:05]} 6. Be3 {[%clk 1:31:37]} cxd4 {[%clk 1:30:05]} 7. cxd4
{[%clk 1:31:39]} Nc6 {[%clk 1:29:22]} 8. Nc3 {[%clk 1:31:47]} Bb4
{[%clk 1:29:45]} 9. Bd3 {[%clk 1:30:08]} O-O {[%clk 1:10:23]} 10. a3
{[%clk 1:28:19]} Bxc3+ {[%clk 1:10:13]} 11. bxc3 {[%clk 1:28:47]} b6
{[%clk 1:08:29]} 12. c4 {[%clk 1:21:14]} Qh5 {[%clk 1:06:47]} 13. Be2
{[%clk 1:18:43]} Qg6 {[%clk 0:33:32]} 14. Bd3 {[%clk 0:49:35]} Qh5
{[%clk 0:30:41]} 15. Be2 {[%clk 0:44:21]} Qg6 {[%clk 0:30:06]} 16. Bd3
{[%clk 0:43:24]} Qh5 {[%clk 0:30:09]} 17. Be2 {[%clk 0:43:47]} Qg6
{[%clk 0:29:45]} 18. Bd3 {[%clk 0:44:01]} 1/2-1/2

[Event "WCO 2016"]
[Site "?"]
[Date "2016.09.09"]
[Round "7"]
[Board "24"]
[WhiteID "3503844"]
[White "Bosch Garcia Jacqueline"]
[BlackID "3506487"]
[Black "Llaudy Pupo Lisandra"]
[Result "1/2-1/2"]
[BlackElo "2269"]
[WhiteElo "2011"]
[LiveChessVersion "1.4.8"]

1. e4 {[%clk 1:30:57]} c5 {[%clk 1:30:27]} 2. Nf3 {[%clk 1:31:22]} Nf6
{[%clk 1:30:18]} 3. Nc3 {[%clk 1:18:55]} Nc6 {[%clk 1:30:24]} 4. d4
{[%clk 1:13:52]} d5 {[%clk 1:30:39]} 5. exd5 {[%clk 1:11:57]} Nxd5
{[%clk 1:30:37]} 6. Nxd5 {[%clk 1:05:30]} Qxd5 {[%clk 1:30:51]} 7. dxc5
{[%clk 1:04:23]} Qxd1+ {[%clk 1:30:36]} 8. Kxd1 {[%clk 1:04:50]} e5
{[%clk 1:30:48]} 9. Be3 {[%clk 1:02:17]} Bg4 {[%clk 1:29:26]} 10. Be2
{[%clk 0:56:10]} f5 {[%clk 1:26:03]} 11. h3 {[%clk 0:50:52]} O-O-O+
{[%clk 1:12:39]} 12. Kc1 {[%clk 0:49:53]} Bxf3 {[%clk 0:52:58]} 13. Bxf3
{[%clk 0:50:03]} f4 {[%clk 0:45:04]} 14. Bd2 {[%clk 0:50:27]} Bxc5
{[%clk 0:45:20]} 15. Bxc6 {[%clk 0:49:15]} bxc6 {[%clk 0:45:35]} 16. f3
{[%clk 0:46:39]} Rd7 {[%clk 0:39:23]} 17. a3 {[%clk 0:21:16]} Rhd8
{[%clk 0:35:03]} 18. Ba5 {[%clk 0:20:19]} Bb6 {[%clk 0:35:05]} 19. Bc3
{[%clk 0:20:29]} Rd5 {[%clk 0:27:50]} 20. b4 {[%clk 0:11:26]} R8d6
{[%clk 0:13:44]} 21. Re1 {[%clk 0:11:20]} Rg6 {[%clk 0:09:25]} 22. Re2
{[%clk 0:11:25]} e4 {[%clk 0:08:34]} 23. Rxe4 {[%clk 0:08:35]} Rxg2
{[%clk 0:08:43]} 24. Kb2 {[%clk 0:09:03]} Be3 {[%clk 0:08:44]} 25. Rh1
{[%clk 0:05:43]} Rg3 {[%clk 0:04:45]} 26. h4 {[%clk 0:03:17]} Rxf3
{[%clk 0:02:45]} 27. Bxg7 {[%clk 0:03:39]} Rd2 {[%clk 0:01:44]} 28. Bc3
{[%clk 0:02:17]} Rd5 {[%clk 0:01:10]} 29. h5 {[%clk 0:01:33]} Rg3
{[%clk 0:00:44]} 30. h6 {[%clk 0:01:26]} Rg2 {[%clk 0:00:40]} 31. Re7
{[%clk 0:00:58]} Rd7 {[%clk 0:01:00]} 32. Re8+ {[%clk 0:01:17]} Rd8
{[%clk 0:00:42]} 33. Re7 {[%clk 0:01:43]} Rd7 {[%clk 0:00:51]} 34. Re8+
{[%clk 0:02:12]} Rd8 {[%clk 0:00:34]} 35. Re7 {[%clk 0:02:41]} 1/2-1/2

[Event "WCO 2016"]
[Site "?"]
[Date "2016.09.09"]
[Round "7"]
[Board "21"]
[WhiteID "8604541"]
[White "Yuan Yuanling"]
[BlackID "14609215"]
[Black "Unuk Laura"]
[Result "1-0"]
[BlackElo "2332"]
[WhiteElo "2205"]
[LiveChessVersion "1.4.8"]

1. e4 {[%clk 1:30:50]} e5 {[%clk 1:30:47]} 2. Nf3 {[%clk 1:31:13]} Nc6
{[%clk 1:31:03]} 3. Bb5 {[%clk 1:31:35]} a6 {[%clk 1:31:16]} 4. Ba4
{[%clk 1:31:59]} Nf6 {[%clk 1:31:32]} 5. O-O {[%clk 1:32:17]} b5 {[%clk 1:31:48]}
6. Bb3 {[%clk 1:32:40]} Bc5 {[%clk 1:32:04]} 7. c3 {[%clk 1:32:57]} d6
{[%clk 1:32:14]} 8. d4 {[%clk 1:33:12]} Bb6 {[%clk 1:32:33]} 9. Be3
{[%clk 1:33:01]} O-O {[%clk 1:31:54]} 10. h3 {[%clk 1:31:46]} h6 {[%clk 1:29:40]}
11. Nbd2 {[%clk 1:31:03]} Re8 {[%clk 1:28:55]} 12. Re1 {[%clk 1:29:17]} exd4
{[%clk 1:28:44]} 13. cxd4 {[%clk 1:27:59]} Na5 {[%clk 1:28:58]} 14. Bc2
{[%clk 1:26:50]} Bb7 {[%clk 1:29:15]} 15. d5 {[%clk 1:19:41]} c6 {[%clk 1:26:27]}
16. b4 {[%clk 1:03:12]} Nc4 {[%clk 1:25:01]} 17. Nxc4 {[%clk 1:02:04]} bxc4
{[%clk 1:25:23]} 18. dxc6 {[%clk 1:00:06]} Bxc6 {[%clk 1:25:31]} 19. Bxb6
{[%clk 0:58:15]} Qxb6 {[%clk 1:25:54]} 20. Qxd6 {[%clk 0:58:17]} Rad8
{[%clk 1:23:05]} 21. Qf4 {[%clk 0:58:17]} Qxb4 {[%clk 1:22:20]} 22. e5
{[%clk 0:52:49]} Nd5 {[%clk 0:58:38]} 23. Qe4 {[%clk 0:48:59]} g6
{[%clk 0:58:48]} 24. Nd4 {[%clk 0:38:20]} Ba4 {[%clk 0:47:55]} 25. Bxa4
{[%clk 0:32:19]} Qxa4 {[%clk 0:45:48]} 26. e6 {[%clk 0:31:24]} Kh7
{[%clk 0:25:31]} 27. Qf3 {[%clk 0:29:51]} f6 {[%clk 0:22:01]} 28. Rad1
{[%clk 0:20:10]} c3 {[%clk 0:21:44]} 29. e7 {[%clk 0:19:03]} Rxe7
{[%clk 0:18:03]} 30. Rxe7+ {[%clk 0:09:30]} Nxe7 {[%clk 0:18:26]} 31. Re1
{[%clk 0:09:24]} Nd5 {[%clk 0:09:00]} 32. Ne6 {[%clk 0:09:31]} Rd6
{[%clk 0:07:56]} 33. Nf8+ {[%clk 0:06:00]} Kg7 {[%clk 0:06:36]} 34. Qg3
{[%clk 0:05:57]} Nf4 {[%clk 0:04:12]} 35. Nxg6 {[%clk 0:03:25]} Rd3
{[%clk 0:02:43]} 36. Re7+ {[%clk 0:01:30]} Kg8 {[%clk 0:03:05]} 37. f3
{[%clk 0:01:51]} Qd1+ {[%clk 0:00:46]} 38. Kh2 {[%clk 0:02:00]} Nh5
{[%clk 0:00:36]} 39. Qg4 {[%clk 0:01:41]} Rd5 {[%clk 0:00:36]} 40. Qe6#
{[%clk 0:32:05]} 1-0

[Event "WCO 2016"]
[Site "?"]
[Date "2016.09.09"]
[Round "7"]
[Board "22"]
[WhiteID "14601982"]
[White "Krivec Jana"]
[BlackID "2603365"]
[Black "Botez Alexandra"]
[Result "1-0"]
[BlackElo "2092"]
[WhiteElo "2259"]
[LiveChessVersion "1.4.8"]

1. e4 {[%clk 1:30:58]} e6 {[%clk 1:30:53]} 2. d4 {[%clk 1:31:14]} d5
{[%clk 1:31:16]} 3. Nc3 {[%clk 1:31:35]} Nf6 {[%clk 1:31:35]} 4. Bg5
{[%clk 1:31:38]} Bb4 {[%clk 1:31:48]} 5. e5 {[%clk 1:31:58]} h6 {[%clk 1:32:11]}
6. Bc1 {[%clk 1:32:20]} Ne4 {[%clk 1:32:16]} 7. Qg4 {[%clk 1:32:40]} g6
{[%clk 1:31:42]} 8. Nge2 {[%clk 1:32:54]} c5 {[%clk 1:30:40]} 9. a3
{[%clk 1:32:48]} Nxc3 {[%clk 1:19:49]} 10. Nxc3 {[%clk 1:23:47]} Qa5
{[%clk 1:17:05]} 11. Bd2 {[%clk 1:12:15]} cxd4 {[%clk 1:09:32]} 12. Bb5+
{[%clk 0:55:35]} Nc6 {[%clk 1:09:01]} 13. Bxc6+ {[%clk 0:55:38]} bxc6
{[%clk 1:09:21]} 14. Qxd4 {[%clk 0:55:56]} c5 {[%clk 1:08:29]} 15. Qf4
{[%clk 0:55:55]} Ba6 {[%clk 1:07:21]} 16. Qf6 {[%clk 0:44:51]} Rg8
{[%clk 1:07:13]} 17. Qf3 {[%clk 0:41:06]} Bxc3 {[%clk 0:59:14]} 18. Bxc3
{[%clk 0:33:15]} Qc7 {[%clk 0:59:30]} 19. O-O-O {[%clk 0:29:31]} Rb8
{[%clk 0:57:05]} 20. Rhe1 {[%clk 0:23:23]} d4 {[%clk 0:53:02]} 21. Bd2
{[%clk 0:22:23]} Bc4 {[%clk 0:46:33]} 22. Bxh6 {[%clk 0:17:42]} Qb6
{[%clk 0:40:07]} 23. b3 {[%clk 0:17:41]} Bd5 {[%clk 0:40:22]} 24. Qf6
{[%clk 0:14:03]} Qa5 {[%clk 0:24:51]} 25. Bg5 {[%clk 0:12:11]} Qxa3+
{[%clk 0:24:41]} 26. Kd2 {[%clk 0:12:36]} Qb4+ {[%clk 0:24:23]} 27. Ke2
{[%clk 0:13:00]} Qb5+ {[%clk 0:20:55]} 28. Rd3 {[%clk 0:13:16]} Kd7
{[%clk 0:12:01]} 29. Qxf7+ {[%clk 0:01:35]} Kc6 {[%clk 0:12:22]} 30. Ra1
{[%clk 0:01:03]} a6 {[%clk 0:12:14]} 31. Ke1 {[%clk 0:01:18]} Kb6
{[%clk 0:09:35]} 32. f3 {[%clk 0:00:33]} Rbf8 {[%clk 0:08:02]} 33. Qe7
{[%clk 0:00:42]} Rc8 {[%clk 0:03:28]} 34. Bd2 {[%clk 0:01:01]} Qc6
{[%clk 0:01:02]} 35. Ba5+ {[%clk 0:01:13]} Kb5 {[%clk 0:01:29]} 36. Rxd4
{[%clk 0:00:51]} Qb7 {[%clk 0:00:45]} 37. c4+ {[%clk 0:01:06]} Bxc4
{[%clk 0:00:35]} 38. bxc4+ {[%clk 0:01:32]} 1-0